000 00587cam a2200205 a 4500
001 725458
005 20241108115722.0
008 980312s1999 maua bi 000 0 eng
020 _a0256263272 (recycled, acidfree paper)
020 _a9780256263275
050 0 0 _aHB172.5
_b.S554 1999
082 0 0 _a339
_221
100 1 _aSlavin, Stephen L.
245 1 0 _aMacroeconomics /
_cStephen L. Slavin.
250 _a5th ed.
260 _aBoston :
_bIrwin/McGraw-Hill,
_cc1999.
300 _axv, 508 p. :
_bill. (some col.) ;
_c28 cm.
650 0 _aMacroeconomics.
942 _2lcc
_cBK
_e5th Ed.
_n0
999 _c869
_d869